[Podnikový controlling]
Recenzia na publikáciu Podnikový controlling. Praktikum je zúročením poznatkov a skúseností autoriek z oblasti plánovania a rozpočtovania, zostavovania rôznych druhov a metód kalkulácií nákladov, oceňovania zásob, koncipovania vhodného systému ukazovateľov hodnotenia výkonnosti podniku a ostatných p...
Guardado en:
| Autor principal: | |
|---|---|
| Formato: | Capítulo de libro |
| Lenguaje: | eslovaco |
| Materias: | |
| Etiquetas: |
Sin Etiquetas, Sea el primero en etiquetar este registro!
|
MARC
| LEADER | 00000naa$a2200000$$$4500 | ||
|---|---|---|---|
| 001 | 0077109 | ||
| 005 | 20240502123316.6 | ||
| 041 | 0 | |a slo | |
| 044 | |a SK | ||
| 245 | 1 | 0 | |a [Podnikový controlling] |c Michal Budinský |
| 520 | |a Recenzia na publikáciu Podnikový controlling. Praktikum je zúročením poznatkov a skúseností autoriek z oblasti plánovania a rozpočtovania, zostavovania rôznych druhov a metód kalkulácií nákladov, oceňovania zásob, koncipovania vhodného systému ukazovateľov hodnotenia výkonnosti podniku a ostatných parciálnych častí controllingu. | ||
| 610 | 2 | 0 | |a recenzie |
| 610 | 2 | 0 | |a kontroling |
| 610 | 2 | 0 | |a kalkulácia nákladov |
| 610 | 2 | 0 | |a zásoby |
| 610 | 2 | 0 | |a oceňovanie |
| 610 | 2 | 0 | |a plánovanie zásob |
| 610 | 2 | 0 | |a výkonnosť |
| 610 | 2 | 0 | |a výkony podnikové |
| 610 | 2 | 0 | |a kontroling podnikový |
| 100 | 1 | |a Budinský, Michal | |